[Event "Sport Summer 2016"]
[Site "Paracin"]
[Date "2016.07.09"]
[Round "3.1"]
[White "Berkes, Ferenc"]
[Black "Becker, Marcel"]
[Result "1-0"]
[WhiteElo "2640"]
[BlackElo "2380"]
[PlyCount "71"]
[EventDate "2016.??.??"]

1. e4 c6 2. d4 d5 3. e5 Bf5 4. Nf3 e6 5. Be2 Ne7 6. O-O h6 7. Nbd2 Nd7 8. Nb3
g5 9. a4 a5 10. c4 dxc4 11. Bxc4 Nb6 12. Bd3 Bxd3 13. Qxd3 Ng6 14. Bd2 Qd5 15.
Rfc1 Nd7 16. Qc4 Qxc4 17. Rxc4 Nb6 18. Rc2 Bb4 19. Bxb4 axb4 20. a5 Nd5 21. a6
bxa6 22. Rxc6 O-O 23. Rcxa6 Rxa6 24. Rxa6 Rc8 25. Kf1 Rc2 26. Ra2 Nge7 27. Ne1
Rc4 28. g3 Kg7 29. Ke2 Nf5 30. Kd3 Rc7 31. Nc2 Nfe7 32. Ra5 Nc3 33. Rc5 Rxc5
34. dxc5 Nd1 35. Nxb4 Nxb2+ 36. Kd4 1-0

[Event "Sport Summer 2016"]
[Site "Paracin"]
[Date "2016.07.09"]
[Round "3.2"]
[White "Atakisi, Umut"]
[Black "Georgiev, Kiril"]
[Result "1/2-1/2"]
[WhiteElo "2378"]
[BlackElo "2613"]
[PlyCount "38"]
[EventDate "2016.??.??"]

1. Nf3 d5 2. g3 Nf6 3. Bg2 e6 4. O-O Be7 5. d4 O-O 6. c4 c6 7. Qc2 b6 8. Nbd2
Bb7 9. e4 Na6 10. a3 c5 11. exd5 exd5 12. dxc5 Nxc5 13. b4 Ne6 14. Bb2 Rc8 15.
Ne5 Qc7 16. Rac1 dxc4 17. Qxc4 Qxc4 18. Ndxc4 Bxg2 19. Kxg2 Rc7 1/2-1/2

[Event "Sport Summer 2016"]
[Site "Paracin"]
[Date "2016.07.09"]
[Round "3.3"]
[White "Radovanovic, Mihajlo"]
[Black "Kadric, Denis"]
[Result "0-1"]
[WhiteElo "2362"]
[BlackElo "2562"]
[PlyCount "100"]
[EventDate "2016.??.??"]

1. d4 d6 2. c4 g6 3. Nc3 Bg7 4. e4 Nf6 5. Bd3 O-O 6. Nge2 e5 7. d5 c5 8. h3 Ne8
9. Be3 f5 10. exf5 gxf5 11. f4 e4 12. Bc2 Nf6 13. Qd2 Na6 14. a3 Bd7 15. Rb1
Nc7 16. b4 b6 17. Ba4 Bxa4 18. Nxa4 h5 19. Nac3 Qd7 20. O-O Rac8 21. Rb3 Kh7
22. b5 Ng8 23. Qe1 Bf6 24. Nd1 h4 25. Bf2 Qe7 26. Ne3 Nh6 27. Kh2 Ne8 28. g4
hxg3+ 29. Nxg3 Ng7 30. Qe2 Bd4 31. Ng2 Qf7 32. Qd1 Bf6 33. a4 Rh8 34. Rh1 Ng8
35. Kg1 Ne7 36. Kf1 Kg8 37. h4 Nh5 38. Rh3 Kf8 39. Ra3 Nxg3+ 40. Raxg3 Qh5 41.
Qd2 Kf7 42. Ne3 Rcg8 43. Rxg8 Rxg8 44. Qe2 Qh6 45. Bg3 Bd4 46. Ng2 Rg4 47. h5
Ng8 48. Nh4 Qxh5 49. Qh2 Rxf4+ 50. Ke1 Bc3+ 0-1

[Event "Sport Summer 2016"]
[Site "Paracin"]
[Date "2016.07.09"]
[Round "3.4"]
[White "Damljanovic, Branko"]
[Black "Carnic, Srdjan"]
[Result "0-1"]
[WhiteElo "2557"]
[BlackElo "2318"]
[PlyCount "98"]
[EventDate "2016.??.??"]

1. c4 Nf6 2. d4 e6 3. Nf3 d5 4. g3 Be7 5. Bg2 O-O 6. O-O dxc4 7. Qc2 a6 8. a4
Bd7 9. Qxc4 Bc6 10. Bg5 Nbd7 11. Nc3 Rc8 12. Rfd1 h6 13. Bxf6 Nxf6 14. Ne5 Bxg2
15. Kxg2 c5 16. dxc5 Qc7 17. Nd3 Bxc5 18. Ne4 Be7 19. Qxc7 Rxc7 20. Nxf6+ Bxf6
21. Rdc1 Rfc8 22. Rxc7 Rxc7 23. Ra3 Kf8 24. h4 h5 25. Kf3 Ke7 26. Ke3 g6 27.
Kd2 Bd4 28. e3 Bf6 29. Rb3 Kd8 30. Rb4 Kc8 31. Rf4 Bg7 32. Rb4 Bf6 33. e4 Rc6
34. e5 Bg7 35. Rd4 Rc7 36. b4 Rd7 37. Ke3 Bh6+ 38. f4 Bf8 39. Re4 Rc7 40. Kd2
Kd7 41. Rd4+ Ke8 42. a5 Be7 43. Nf2 Rd7 44. Ke3 Rxd4 45. Kxd4 Bxb4 46. Ne4 Bxa5
47. Nd6+ Kf8 48. Nxb7 Be1 49. Ke4 Bxg3 0-1

[Event "Sport Summer 2016"]
[Site "Paracin"]
[Date "2016.07.09"]
[Round "3.5"]
[White "Sredojevic, Ivan"]
[Black "Savic, Miodrag R"]
[Result "1/2-1/2"]
[WhiteElo "2342"]
[BlackElo "2507"]
[PlyCount "52"]
[EventDate "2016.??.??"]

1. e4 d5 2. exd5 Qxd5 3. Nc3 Qa5 4. d4 c6 5. Nf3 Nf6 6. Bc4 Bf5 7. Bd2 e6 8.
Nd5 Qd8 9. Nxf6+ Qxf6 10. Qe2 Bg4 11. d5 Bxf3 12. gxf3 cxd5 13. Bxd5 Nc6 14.
Bxc6+ bxc6 15. Qe4 Rc8 16. O-O-O Ba3 17. c3 Bc5 18. Be3 Qe7 19. Rhg1 Bxe3+ 20.
fxe3 O-O 21. Rd2 g6 22. Rgd1 Rc7 23. Rd6 c5 24. Qe5 h5 25. e4 Kh7 26. Qf4 Kg7
1/2-1/2

[Event "Sport Summer 2016"]
[Site "Paracin"]
[Date "2016.07.09"]
[Round "3.7"]
[White "Abramovic, Bosko"]
[Black "Konstantinov, Aleksandar"]
[Result "1-0"]
[WhiteElo "2422"]
[BlackElo "2018"]
[PlyCount "99"]
[EventDate "2016.??.??"]

1. d4 e6 2. Nf3 Nf6 3. g3 b6 4. Bg2 Bb7 5. O-O Be7 6. c4 O-O 7. b3 d6 8. Bb2
Nbd7 9. Nbd2 Ne4 10. Rc1 Ndf6 11. Qc2 c5 12. dxc5 Nxc5 13. Rfd1 Qc7 14. Bxf6
Bxf6 15. b4 Nd7 16. Ne4 Bxe4 17. Qxe4 Rac8 18. Qd3 Ne5 19. Nxe5 dxe5 20. Qb3
Be7 21. a3 Rfd8 22. Rxd8+ Rxd8 23. e3 Rc8 24. Qa4 a5 25. Qb5 axb4 26. axb4 Qd6
27. Qa6 Qc7 28. c5 bxc5 29. b5 Rb8 30. Bc6 Qb6 31. Qa4 g6 32. Qe4 Qa5 33. Qxe5
Rd8 34. Qa1 Qxa1 35. Rxa1 Bd6 36. b6 Rc8 37. Bf3 c4 38. b7 Rb8 39. Rc1 Kf8 40.
Rxc4 Ke7 41. Rc8 e5 42. Bc6 f5 43. e4 Kf6 44. Kg2 h5 45. f3 g5 46. exf5 Kxf5
47. Be4+ Kf6 48. h3 Ke7 49. g4 h4 50. Kf1 1-0

[Event "Sport Summer 2016"]
[Site "Paracin"]
[Date "2016.07.09"]
[Round "3.8"]
[White "Ardeleanu, Alin"]
[Black "Fang, Yuxiang"]
[Result "0-1"]
[WhiteElo "2338"]
[BlackElo "2494"]
[PlyCount "49"]
[EventDate "2016.??.??"]

1. e4 c6 2. Nc3 d5 3. Qf3 d4 4. Bc4 e6 5. Nce2 c5 6. Qg3 Nc6 7. d3 Nf6 8. Nf3
b5 9. Bb3 c4 10. dxc4 bxc4 11. Bxc4 Nxe4 12. Qf4 Bb4+ 13. Kf1 f5 14. Bb5 Bd7
15. Ne5 Qb6 16. Bxc6 Bxc6 17. Nxc6 Qxc6 18. Qe5 O-O 19. Nxd4 Qc4+ 20. Kg1 Rae8
21. Be3 f4 22. Qxe4 fxe3 23. fxe3 e5 24. Qc6 Bc5 25. b4 0-1

[Event "Sport Summer 2016"]
[Site "Paracin"]
[Date "2016.07.09"]
[Round "3.9"]
[White "Atalik, Suat"]
[Black "Nestorovic, Lazar"]
[Result "1-0"]
[WhiteElo "2564"]
[BlackElo "2340"]
[PlyCount "69"]
[EventDate "2016.??.??"]

1. d4 Nf6 2. c4 e6 3. Nf3 Bb4+ 4. Bd2 Qe7 5. g3 Bxd2+ 6. Nfxd2 Nc6 7. e3 b6 8.
Nc3 Bb7 9. Bg2 O-O-O 10. a3 Kb8 11. O-O h5 12. h3 d5 13. Qa4 Rh6 14. h4 Rg8 15.
cxd5 Nxd5 16. Nxd5 exd5 17. Nf3 Rd6 18. Rac1 f6 19. Rc3 Nd8 20. Rfc1 Ne6 21. b4
g5 22. Qc2 Ba6 23. a4 Bc4 24. hxg5 Nxg5 25. Nd2 h4 26. Nxc4 dxc4 27. Rxc4 Rg7
28. g4 h3 29. Bh1 Qd7 30. Kf1 h2 31. b5 Qxg4 32. Rxc7 Qh3+ 33. Ke2 Qh5+ 34. f3
Ne6 35. Rb7+ 1-0

[Event "Sport Summer 2016"]
[Site "Paracin"]
[Date "2016.07.09"]
[Round "3.10"]
[White "Kosic, Dragan"]
[Black "Garic, Radomir"]
[Result "1-0"]
[WhiteElo "2504"]
[BlackElo "2317"]
[PlyCount "101"]
[EventDate "2016.??.??"]

1. d4 Nf6 2. Nf3 c5 3. d5 g6 4. c4 b5 5. cxb5 a6 6. bxa6 Bg7 7. Nc3 O-O 8. e4
Qa5 9. Bd2 Bxa6 10. Bxa6 Qxa6 11. Qe2 e6 12. dxe6 fxe6 13. Be3 Rc8 14. Qxa6
Nxa6 15. O-O Rab8 16. Rab1 d5 17. exd5 exd5 18. Bf4 Rb7 19. Be5 d4 20. Bxf6
Bxf6 21. Ne4 Be7 22. Ned2 Nb4 23. a3 Nd3 24. b3 g5 25. Nc4 Rcb8 26. Nfd2 g4 27.
g3 Bg5 28. f4 gxf3 29. Rxf3 Ne5 30. Rf5 Be3+ 31. Nxe3 dxe3 32. Nf1 Nd3 33. Nxe3
Rxb3 34. Rbf1 Rb1 35. Rg5+ Kh8 36. Nc4 Rxf1+ 37. Kxf1 Rd8 38. h3 Rd4 39. Rg4
Rd7 40. Re4 Kg7 41. Ke2 Kf6 42. Re3 Nc1+ 43. Kf3 Rd4 44. Rc3 Nd3 45. Ke3 h5 46.
Nd2 Ne5 47. Ne4+ Kf5 48. Nxc5 Rd1 49. Nd3 Ng6 50. Rc5+ Kf6 51. Rxh5 1-0

[Event "Sport Summer 2016"]
[Site "Paracin"]
[Date "2016.07.09"]
[Round "3.11"]
[White "Kaufeld, Juergen"]
[Black "Kasparov, Sergey"]
[Result "1/2-1/2"]
[WhiteElo "2271"]
[BlackElo "2470"]
[PlyCount "88"]
[EventDate "2016.??.??"]

1. e4 d5 2. exd5 Qxd5 3. Nc3 Qd6 4. d4 Nf6 5. Nf3 c6 6. Ne5 Nbd7 7. Nc4 Qc7 8.
Qf3 Nb6 9. Bf4 Qd7 10. Be5 Qg4 11. Qe3 Nbd5 12. Qd2 Nxc3 13. Qxc3 Nd5 14. Qd2
f6 15. Bg3 h5 16. Be2 Qg6 17. h4 Bf5 18. O-O-O e6 19. Rhe1 Nb4 20. Ne3 Nxa2+
21. Kb1 Bb4 22. Nxf5 Bxd2 23. Nd6+ Kd7 24. Rxd2 Nb4 25. Nxb7 a5 26. Bc4 Nd5 27.
Nc5+ Ke7 28. Rxe6+ Kf7 29. Rxc6 Rhd8 30. Ne6 Qf5 31. Nf4 Kf8 32. Rc5 Rac8 33.
Rxc8 Rxc8 34. Bxd5 Re8 35. Bc4 Re1+ 36. Ka2 Qd7 37. b3 a4 38. Kb2 axb3 39. Bxb3
Qa7 40. Kc3 Qa5+ 41. Kd3 Qf5+ 42. Kc3 Qa5+ 43. Kd3 Qf5+ 44. Kc3 Qa5+ 1/2-1/2

[Event "Sport Summer 2016"]
[Site "Paracin"]
[Date "2016.07.09"]
[Round "3.12"]
[White "Lajthajm, Borko"]
[Black "Topalov, Aleksandar"]
[Result "1-0"]
[WhiteElo "2433"]
[BlackElo "2250"]
[PlyCount "51"]
[EventDate "2016.??.??"]

1. d4 Nf6 2. c4 g6 3. Nc3 Bg7 4. e4 O-O 5. h3 c5 6. d5 d6 7. Nf3 e6 8. Be3 exd5
9. cxd5 Re8 10. Nd2 Na6 11. Be2 Nc7 12. Qc2 a6 13. a4 Rb8 14. a5 Bd7 15. O-O
Bb5 16. Bc4 Qd7 17. Rfe1 Nh5 18. Ba2 Qe7 19. Nf3 Nf6 20. e5 dxe5 21. Rad1 e4
22. d6 Bd3 23. Qxd3 Qd7 24. Qc4 exf3 25. dxc7 Qxc7 26. Qxc5 1-0

[Event "Sport Summer 2016"]
[Site "Paracin"]
[Date "2016.07.09"]
[Round "3.13"]
[White "Burcu, Cagatay"]
[Black "Cabarkapa, Novak"]
[Result "1/2-1/2"]
[WhiteElo "2260"]
[BlackElo "2424"]
[PlyCount "51"]
[EventDate "2016.??.??"]

1. d4 Nf6 2. Nf3 g6 3. c4 Bg7 4. g3 O-O 5. Bg2 d6 6. O-O Nc6 7. Nc3 e5 8. dxe5
dxe5 9. Bg5 Be6 10. Qa4 Qc8 11. Rfd1 Nd7 12. Nd5 Re8 13. Be3 f6 14. b4 Nd8 15.
c5 c6 16. Nc3 Nf7 17. Rac1 f5 18. b5 Nb8 19. h4 h6 20. bxc6 Nxc6 21. Nb5 a6 22.
Nd6 Nxd6 23. Rxd6 Qc7 24. Nd2 e4 25. Nc4 Rad8 26. Ra1 1/2-1/2

[Event "Sport Summer 2016"]
[Site "Paracin"]
[Date "2016.07.09"]
[Round "3.14"]
[White "Ozturk, Kubra"]
[Black "Djordjevic, Vuk"]
[Result "1/2-1/2"]
[WhiteElo "2249"]
[BlackElo "2415"]
[PlyCount "85"]
[EventDate "2016.??.??"]

1. d4 Nf6 2. c4 e6 3. g3 d5 4. Nf3 Be7 5. Bg2 O-O 6. O-O dxc4 7. Ne5 Nc6 8.
Nxc6 bxc6 9. Na3 Bxa3 10. bxa3 Nd5 11. Qa4 Nb6 12. Qxc6 Rb8 13. Qc5 Bb7 14. e4
Qd7 15. Bf4 Rbc8 16. Rfd1 f5 17. f3 Qf7 18. Rd2 h6 19. Rf1 g5 20. Be5 Qg6 21.
Rdf2 Rf7 22. a4 Nxa4 23. Qxa7 Bc6 24. d5 exd5 25. exd5 Bb5 26. Qd4 c3 27. Rb1
c5 28. Qd1 Qa6 29. f4 g4 30. d6 Bc6 31. Bd5 Qa7 32. Bxc6 Rxc6 33. Qd5 Qd7 34.
Rc2 Nb6 35. Qd3 Nc8 36. Qxc3 Nxd6 37. Rd2 Qe6 38. Bxd6 Rxd6 39. Rb8+ Rf8 40.
Rxf8+ Kxf8 41. Qh8+ Kf7 42. Qh7+ Kf8 43. Qh8+ 1/2-1/2

[Event "Sport Summer 2016"]
[Site "Paracin"]
[Date "2016.07.09"]
[Round "3.15"]
[White "Popovic, Aleksandar M"]
[Black "Ratkovic, Miloje"]
[Result "1/2-1/2"]
[WhiteElo "2256"]
[BlackElo "2404"]
[PlyCount "246"]
[EventDate "2016.??.??"]

1. e4 c6 2. Nc3 d5 3. Nf3 dxe4 4. Nxe4 Nf6 5. Nxf6+ exf6 6. d4 Bd6 7. Be2 O-O
8. O-O Qc7 9. c4 Rd8 10. Re1 Nd7 11. c5 Be7 12. b4 Nf8 13. Bd3 Be6 14. Qe2 a6
15. a4 Rd7 16. Be3 Ng6 17. b5 a5 18. bxc6 bxc6 19. Rab1 f5 20. Bc4 Bd5 21. Rb6
h6 22. Reb1 Bf6 23. Bxd5 Rxd5 24. Rb7 Qd8 25. R7b6 Qe8 26. Qb2 Rad8 27. Re1 Qe4
28. Qc1 Nh4 29. Nxh4 Qxh4 30. Rxc6 Bxd4 31. Bxd4 Rxd4 32. g3 Qg4 33. Rd6 R4xd6
34. cxd6 Rxd6 35. Qc3 Rd5 36. Qc6 Rd1 37. Qa8+ Kh7 38. Qxa5 Rxe1+ 39. Qxe1 Qxa4
40. Qb1 Qe4 41. Qc1 Kg6 42. Qd2 f6 43. Qd7 h5 44. h4 Qe1+ 45. Kg2 Qe4+ 46. Kh2
f4 47. Qc7 fxg3+ 48. fxg3 Qe2+ 49. Kh3 Qf2 50. Qc6 Qe3 51. Kg2 Qe5 52. Kh2 Qe2+
53. Kh3 Kf7 54. Qa8 Qb5 55. Kh2 Qb2+ 56. Kh3 Qb6 57. Kh2 Ke7 58. Qe4+ Qe6 59.
Qb7+ Qd7 60. Qe4+ Kf7 61. Qc4+ Qe6 62. Qc7+ Kg6 63. Qc2+ f5 64. Qd2 Kf7 65. Qd1
g6 66. Qc2 Qb6 67. Qc4+ Ke7 68. Qc2 Kd6 69. Qd2+ Ke5 70. Qe2+ Kd5 71. Qf3+ Kc4
72. Qe2+ Kc3 73. Qe1+ Kd3 74. Qd1+ Ke4 75. Qh1+ Ke5 76. Qe1+ Kd5 77. Qh1+ Kd6
78. Qd1+ Kc7 79. Qc2+ Qc6 80. Qb3 Kd6 81. Qd3+ Ke7 82. Qe3+ Qe4 83. Qc5+ Kd7
84. Qa7+ Kd6 85. Qb6+ Qc6 86. Qd4+ Ke6 87. Qe3+ Kf7 88. Qb3+ Qe6 89. Qb7+ Kf6
90. Qb2+ Qe5 91. Qb6+ Kg7 92. Qf2 Qd5 93. Qb2+ Kf7 94. Qe2 Qb3 95. Qd2 Ke6 96.
Qe2+ Kd7 97. Qd2+ Kc6 98. Qg2+ Kc5 99. Qf2+ Kd5 100. Qd2+ Ke4 101. Qf4+ Kd5
102. Qd2+ Ke6 103. Qe2+ Kf7 104. Qd2 Qe6 105. Qb2 Qd5 106. Qf2 Kf8 107. Qb2 Kg8
108. Qf2 Qe4 109. Qa2+ Kg7 110. Qb2+ Kf7 111. Qa2+ Qe6 112. Qd2 Qe5 113. Qa2+
Kg7 114. Qd2 f4 115. gxf4 Qf5 116. Qc3+ Kf7 117. Qc7+ Ke6 118. Qc6+ Ke7 119.
Qb7+ Kd6 120. Qf3 Kc5 121. Kg3 Kd4 122. Qf2+ Kd5 123. Qa2+ Kd4 1/2-1/2

[Event "Sport Summer 2016"]
[Site "Paracin"]
[Date "2016.07.09"]
[Round "3.16"]
[White "Sahin, Ozgun"]
[Black "Radovanovic, Nikola"]
[Result "1/2-1/2"]
[WhiteElo "2042"]
[BlackElo "2392"]
[PlyCount "46"]
[EventDate "2016.??.??"]

1. e4 c5 2. Nf3 e6 3. c3 d5 4. exd5 Qxd5 5. d4 Nf6 6. Bd3 Nc6 7. O-O Be7 8. h3
O-O 9. Be3 cxd4 10. cxd4 b6 11. Nc3 Qd8 12. Rc1 Nb4 13. Bb1 Bb7 14. a3 Nbd5 15.
Nxd5 Qxd5 16. Qe2 Qh5 17. Rc7 Bxf3 18. Qxf3 Qxf3 19. gxf3 Nd5 20. Rb7 Rfb8 21.
Rd7 Rd8 22. Rb7 Rdb8 23. Rd7 Rd8 1/2-1/2

[Event "Sport Summer 2016"]
[Site "Paracin"]
[Date "2016.07.09"]
[Round "3.17"]
[White "Ratkovic, Milovan"]
[Black "Nester, Ihor"]
[Result "1/2-1/2"]
[WhiteElo "2382"]
[BlackElo "2300"]
[PlyCount "98"]
[EventDate "2016.??.??"]

1. d4 f5 2. Nc3 Nf6 3. Bg5 d5 4. Bxf6 exf6 5. e3 Be6 6. Bd3 Nc6 7. a3 Qd7 8.
Nge2 g5 9. Qd2 Ne7 10. O-O-O Nc8 11. f3 Nd6 12. e4 fxe4 13. fxe4 dxe4 14. Nxe4
Nxe4 15. Bxe4 O-O-O 16. Qa5 Kb8 17. Nc3 Bd6 18. d5 Bg4 19. Rd4 Bf4+ 20. Kb1 Be3
21. Ra4 Bb6 22. Qb4 f5 23. Bd3 f4 24. Be4 Rhe8 25. Qc4 Bf5 26. Qd3 Bxe4 27.
Rxe4 Rxe4 28. Qxe4 Re8 29. Qb4 Qe7 30. Qc4 a6 31. Rd1 Qc5 32. Qd3 Qf2 33. Na4
Re1 34. Rxe1 Qxe1+ 35. Ka2 Qa5 36. Nc3 Qc5 37. Ne4 Qe7 38. b4 g4 39. c4 Bg1 40.
c5 Qf7 41. Kb1 f3 42. gxf3 gxf3 43. Ng5 Qf4 44. Nxf3 Bxh2 45. d6 cxd6 46. Nxh2
Qxh2 47. cxd6 Qg1+ 48. Kb2 Qg7+ 49. Kb3 Qf7+ 1/2-1/2

[Event "Sport Summer 2016"]
[Site "Paracin"]
[Date "2016.07.09"]
[Round "3.18"]
[White "Bejatovic, Bojana"]
[Black "Brankovic, Dejan"]
[Result "0-1"]
[WhiteElo "2019"]
[BlackElo "2353"]
[PlyCount "95"]
[EventDate "2016.??.??"]

1. f4 g6 2. Nf3 Bg7 3. e4 d6 4. g3 e5 5. d3 exf4 6. gxf4 d5 7. e5 c5 8. Be3 d4
9. Bf2 Ne7 10. Nbd2 O-O 11. Ne4 Bg4 12. Bg2 Nd5 13. Qd2 f6 14. Nxc5 Bh6 15.
Nxd4 Bxf4 16. Bxd5+ Qxd5 17. Qxf4 Qxh1+ 18. Kd2 Qxa1 19. Qxg4 Qxa2 20. Nf5 Nc6
21. Nh6+ Kh8 22. exf6 Rxf6 23. Bd4 Nxd4 24. Qxd4 Qa5+ 25. b4 Qb6 26. Qb2 Raf8
27. Ng4 Qd6 28. Nxf6 Qxf6 29. Qxf6+ Rxf6 30. d4 b5 31. Kd3 Kg7 32. d5 Kf7 33.
Ne4 Rf3+ 34. Kd4 Ke7 35. Kc5 a6 36. Kc6 Rf4 37. Nc5 Rf6+ 38. Kb7 Rd6 39. Nxa6
Rxd5 40. Nc5 Rd4 41. c3 Rc4 42. Kc6 Rxc3 43. Kxb5 Rh3 44. Kc6 Rxh2 45. b5 Rc2
46. b6 Rxc5+ 47. Kxc5 Kd7 48. Kc4 0-1

[Event "Sport Summer 2016"]
[Site "Paracin"]
[Date "2016.07.09"]
[Round "3.19"]
[White "Marjanovic, Dejan"]
[Black "Cvetkovic, Nemanja"]
[Result "1-0"]
[WhiteElo "2392"]
[BlackElo "2227"]
[PlyCount "49"]
[EventDate "2016.??.??"]

1. d4 d5 2. Nf3 Nf6 3. c4 e6 4. Nc3 Be7 5. Bg5 O-O 6. Qc2 h6 7. Bxf6 Bxf6 8.
O-O-O dxc4 9. e4 c5 10. e5 Bg5+ 11. Kb1 cxd4 12. Rxd4 Qa5 13. Rg4 Nc6 14. Bxc4
Nxe5 15. Nxg5 hxg5 16. Rxg5 Qc7 17. Bb3 Bd7 18. h4 Rad8 19. h5 Bc6 20. Rh3 Rfe8
21. f4 f6 22. Rgg3 Nf7 23. h6 Qxf4 24. Rxg7+ Kf8 25. Rxf7+ 1-0

[Event "Sport Summer 2016"]
[Site "Paracin"]
[Date "2016.07.09"]
[Round "3.20"]
[White "Dimitrijevic, Nenad"]
[Black "Nestorovic, Dejan"]
[Result "0-1"]
[WhiteElo "2225"]
[BlackElo "2387"]
[PlyCount "94"]
[EventDate "2016.??.??"]

1. e4 c5 2. Nf3 e6 3. b3 Nf6 4. e5 Nd5 5. c4 Ne7 6. Bb2 Nbc6 7. Nc3 Nf5 8. Bd3
Nfd4 9. Nb5 Qb6 10. Nbxd4 cxd4 11. Be4 Bc5 12. O-O h6 13. Qe2 O-O 14. Bxc6 dxc6
15. Qd3 Rd8 16. Rfe1 Bf8 17. Qe4 c5 18. d3 Bd7 19. Bc1 Bc6 20. Qg4 Kh8 21. Qh5
Qb4 22. Bf4 Be8 23. Bd2 Qa3 24. Bc1 Qa6 25. Qh4 b5 26. Re4 bxc4 27. bxc4 Bc6
28. Rg4 Bxf3 29. gxf3 Qb7 30. Rg3 Kh7 31. Bg5 Re8 32. Kh1 Be7 33. Bxe7 Qxe7 34.
Qe4+ g6 35. Rb1 Rab8 36. Rgg1 Qc7 37. Qf4 f5 38. h4 Rxb1 39. Rxb1 Rb8 40. Rg1
Rb2 41. Qg3 Qf7 42. f4 a5 43. Qf3 a4 44. Kg2 Qb7 45. Re1 Qxf3+ 46. Kxf3 a3 47.
Rg1 Rxa2 0-1

[Event "International Championship of Central Se"]
[Site "Paracin, hotel "]
[Date "2016.07.09"]
[Round "3.21"]
[White "Pantelic, Sasa"]
[Black "Injac, Teodora"]
[Result "1-0"]
[WhiteElo "2340"]
[BlackElo "2215"]
[PlyCount "82"]
[EventDate "2016.07.07"]

1. d4 Nf6 2. c4 g6 3. Nc3 Bg7 4. e4 d6 5. f3 O-O 6. Be3 Nbd7 7. Nge2 a6 8. Qd2
c5 9. dxc5 dxc5 10. O-O-O Qa5 11. Kb1 b5 12. Nd5 Qxd2 13. Nxe7+ Kh8 14. Rxd2
Bb7 15. Nc3 Rfe8 16. Ned5 b4 17. Nxf6 Nxf6 18. Na4 Nxe4 19. fxe4 Bxe4+ 20. Bd3
Bc6 21. Nb6 Rxe3 22. Nxa8 Bxa8 23. Rf1 Bc6 24. Rxf7 Ba4 25. b3 Bc6 26. Kc2 Bd4
27. g3 Kg8 28. Rf1 Bf3 29. Rdf2 Bg4 30. Rf8+ Kg7 31. R8f7+ Kh6 32. Kd2 Re5 33.
Ra7 Bc3+ 34. Kc2 Bf5 35. Bxf5 gxf5 36. Rxa6+ Kg5 37. Kd3 Re4 38. Ra7 Rd4+ 39.
Ke3 Kg6 40. Rf2 Rd6 41. Kf3 h5 1-0

[Event "International Championship of Central Se"]
[Site "Paracin, hotel "]
[Date "2016.07.09"]
[Round "3.24"]
[White "Milosevic, Milos"]
[Black "Yurtseven, Melih"]
[Result "1/2-1/2"]
[WhiteElo "2192"]
[BlackElo "2318"]
[PlyCount "130"]
[EventDate "2016.07.07"]

1. d4 g6 2. Nf3 Bg7 3. g3 c5 4. Bg2 cxd4 5. Nxd4 Qa5+ 6. c3 Nf6 7. O-O O-O 8.
e4 Nc6 9. Na3 d6 10. h3 Bd7 11. Be3 Rfd8 12. Qe2 Rac8 13. Rfe1 Nxd4 14. Bxd4 e5
15. Be3 b5 16. Nc2 h6 17. Nb4 Qc7 18. Rac1 a5 19. Nd5 Nxd5 20. exd5 f5 21. f4
e4 22. Qf2 Rb8 23. Bf1 Qb7 24. Red1 Rdc8 25. Ba7 Ra8 26. Bd4 Bxd4 27. Qxd4 Qa7
28. Kf2 Qxd4+ 29. Rxd4 Rc5 30. Rcd1 Kf7 31. Ke3 Kf6 32. Be2 Be8 33. Rg1 Bf7 34.
Rgd1 Rb8 35. R1d2 Rg8 36. Rd1 Rg7 37. R1d2 g5 38. Rd1 Rg8 39. R1d2 Rh8 40. Rd1
Rf8 41. R1d2 Ra8 42. Rd1 Rb8 43. R1d2 Rbc8 44. Rd1 Rd8 45. R1d2 Bg8 46. Rd1 Ra8
47. R1d2 Rb8 48. Rd1 Rbc8 49. R1d2 Rd8 50. Rd1 Rf8 51. R1d2 Re8 52. Rd1 Bf7 53.
R1d2 gxf4+ 54. Kxf4 Re5 55. g4 fxg4 56. hxg4 Rcxd5 57. Rxd5 Bxd5 58. Bxb5 e3
59. Rd4 Ke6 60. Be2 Bxa2 61. Re4 Rxe4+ 62. Kxe4 Kf6 63. Kxe3 Kg5 64. Kf3 Bb1
65. Kg3 Bc2 1/2-1/2

[Event "International Championship of Central Se"]
[Site "Paracin, hotel "]
[Date "2016.07.09"]
[Round "3.27"]
[White "Cvetkovic, Srdjan"]
[Black "Ererdem, Gani Eren"]
[Result "1-0"]
[WhiteElo "2306"]
[BlackElo "2151"]
[PlyCount "65"]
[EventDate "2016.07.07"]

1. c4 c6 2. Nf3 d5 3. e3 Nf6 4. b3 Bg4 5. Bb2 e6 6. Be2 Nbd7 7. h3 Bh5 8. d3
Bb4+ 9. Nbd2 dxc4 10. bxc4 Bxf3 11. gxf3 e5 12. Kf1 O-O 13. Ne4 Qe7 14. Rb1
Nxe4 15. fxe4 Bd6 16. Rg1 Qh4 17. Bg4 Nf6 18. Qf3 Nxg4 19. Qxg4 Qxg4 20. hxg4
c5 21. Bc3 b6 22. Ke2 f6 23. a4 Kf7 24. g5 fxg5 25. Rxg5 h6 26. Rf5+ Ke6 27.
Rg1 g5 28. Rh1 Rxf5 29. exf5+ Kxf5 30. Rxh6 Rd8 31. e4+ Kg4 32. f3+ Kg3 33.
Rxd6 1-0

[Event "International Championship of Central Se"]
[Site "Paracin, hotel "]
[Date "2016.07.09"]
[Round "3.28"]
[White "Jovanovic, Aleksandar D"]
[Black "Todorovic, Nenad I"]
[Result "0-1"]
[WhiteElo "2148"]
[BlackElo "2306"]
[PlyCount "56"]
[EventDate "2016.07.07"]

1. d4 Nf6 2. c4 e6 3. Nc3 Bb4 4. e3 O-O 5. Bd3 d5 6. a3 Bxc3+ 7. bxc3 dxc4 8.
Bxc4 c5 9. Ne2 b6 10. O-O Qc7 11. Bd3 Bb7 12. f3 e5 13. dxe5 Qxe5 14. e4 Rd8
15. Bf4 Qe6 16. Qb1 Ba6 17. Bxa6 Nxa6 18. Qb5 Nb8 19. Ng3 Nc6 20. Rae1 Ne5 21.
Bg5 h6 22. Bxf6 Qxf6 23. f4 Qc6 24. Qe2 Nd3 25. Nf5 Kh7 26. Rd1 c4 27. e5 Qc5+
28. Kh1 Nf2+ 0-1

[Event "International Championship of Central Se"]
[Site "Paracin, hotel "]
[Date "2016.07.09"]
[Round "3.29"]
[White "Rajkovic, Mladen"]
[Black "Kasparova, Tatiana"]
[Result "0-1"]
[WhiteElo "2303"]
[BlackElo "2141"]
[PlyCount "60"]
[EventDate "2016.07.07"]

1. c4 c5 2. Nc3 Nc6 3. Nf3 g6 4. d4 cxd4 5. Nxd4 Bg7 6. Nc2 Bxc3+ 7. bxc3 d6 8.
e4 Nf6 9. f3 Qa5 10. Bd2 Be6 11. Qb1 O-O 12. Nb4 Rfc8 13. Nd5 Rab8 14. f4 Qd8
15. Be3 b6 16. Nxf6+ exf6 17. f5 Bd7 18. Qd3 Qe7 19. fxg6 fxg6 20. O-O-O Bg4
21. Rd2 Ne5 22. Qxd6 Qxd6 23. Rxd6 Nxc4 24. Bxc4+ Rxc4 25. Bd4 Re8 26. Rf1 Rxe4
27. Rd8+ Kg7 28. Bxf6+ Kh6 29. h3 Be6 30. g4 Rc8 0-1

[Event "International Championship of Central Se"]
[Site "Paracin, hotel "]
[Date "2016.07.09"]
[Round "3.30"]
[White "Topel, Zehra"]
[Black "Radovic, Janko"]
[Result "1-0"]
[WhiteElo "2107"]
[BlackElo "2299"]
[PlyCount "65"]
[EventDate "2016.07.07"]

1. d4 d5 2. Nf3 e6 3. c4 a6 4. a4 c5 5. e3 Nf6 6. Nc3 Nc6 7. Be2 Be7 8. O-O O-O
9. b3 b6 10. Bb2 Bb7 11. cxd5 exd5 12. Ne5 Na5 13. Bf3 Rc8 14. Ne2 Ne4 15. Nf4
cxd4 16. Bxe4 dxe4 17. exd4 Bb4 18. Qg4 Qd6 19. Nh5 g6 20. Rac1 Qe6 21. Qg3 Bd5
22. Nf4 Qd6 23. Ng4 f5 24. Nxd5 Rxc1 25. Ngf6+ Rxf6 26. Nxf6+ Qxf6 27. Rxc1 f4
28. Qh3 Bf8 29. Rc7 h5 30. Qd7 Bg7 31. b4 e3 32. bxa5 f3 33. Qxg7+ 1-0

[Event "International Championship of Central Se"]
[Site "Paracin, hotel "]
[Date "2016.07.09"]
[Round "3.31"]
[White "Bozilov, Dragan"]
[Black "Gajic, Mladen"]
[Result "0-1"]
[WhiteElo "2075"]
[BlackElo "2295"]
[PlyCount "70"]
[EventDate "2016.07.07"]

1. e4 Nf6 2. e5 Nd5 3. d4 Nb6 4. c4 d6 5. exd6 cxd6 6. Nc3 g6 7. Be3 Bg7 8. Rc1
O-O 9. b3 e5 10. Nf3 Nc6 11. Be2 Bg4 12. dxe5 dxe5 13. O-O h6 14. h3 Bxf3 15.
Bxf3 Qe7 16. Re1 Rfd8 17. Nd5 Qa3 18. Qe2 Nxd5 19. cxd5 Nb4 20. Bc5 Rac8 21.
Qb5 a5 22. d6 Rxd6 23. Bxb4 Qxc1 24. Rxc1 Rxc1+ 25. Kh2 axb4 26. Qxb7 Rd4 27.
Bd5 Rf4 28. f3 Bf8 29. Qb8 h5 30. Be4 Rf6 31. g4 h4 32. Kg2 Ra6 33. Kf2 Rxa2+
34. Ke3 Rc3+ 35. Bd3 Rxb3 0-1